| 000 | 00788nam a2200253 a 4500 | ||
|---|---|---|---|
| 003 | AR-BaBNM | ||
| 005 | 20251128203338.0 | ||
| 008 | 082120s2002 ||||||||||||||000 | spa|| | ||
| 040 | _cAR-BaBNM | ||
| 245 | 0 | 0 |
_aComo ayudar al niño con dificultades en el aprendizaje _bla tarea de recuperación en los grados 1ero a 3ero o en el 1er nivel |
| 250 | _a1ª ed. | ||
| 260 |
_aBuenos Aires _bKapelusz _c1972 |
||
| 300 |
_a62 p. _bil. |
||
| 490 | 0 |
_aCuaderno pedagógico _vv. 18 |
|
| 650 | 4 | _aDIFICULTADES EN EL APRENDIZAJE | |
| 650 | 4 | _aALUMNOS DE APRENDIZAJE LENTO | |
| 650 | 4 | _aMADUREZ PARA EL APRENDIZAJE | |
| 650 | 4 | _aENSEÑANZA CORRECTIVA | |
| 650 | 4 | _aDIFICULTAD EN LA LECTURA | |
| 650 | 4 | _aDESARROLLO MENTAL | |
| 650 | 4 | _aDESARROLLO MOTOR | |
| 942 | _cBK | ||
| 998 | _cCarmen | ||
| 999 |
_c2989 _d2989 |
||